Statistics for U.S. National Parks Map Quiz

Click here to take the quiz!

General Stats

  • This quiz has been taken 35,417 times
    (30,551 since last reset)
  • The average score is 14 of 24

Answers on the Map

Answers color-coded by a green-red scale on the quiz's map according to % correct below.
Loading ...
 

Answer Stats

Answer% Correct
Everglades
82%
Yellowstone
79%
Grand Canyon
78%
Rocky Mountain
67%
Rainier
66%
Redwood
64%
Yosemite
63%
Olympic
59%
Badlands
58%
Glacier
58%
Death Valley
57%
Acadia
57%
Zion
55%
Great Smoky
Mountains
55%
Shenandoah
54%
Crater Lake
53%
Isle Royale
52%
Joshua Tree
49%
Big Bend
46%
Hot Springs
45%
Carlsbad Caverns
45%
Mammoth Cave
44%
Cuyahoga Valley
42%
Congaree
31%

Score Distribution

Percentile by Number Answered

Percent of People with Each Score

Your Score History

You have not taken this quiz since the last reset